00335nam a22001217a 450000500170000000800410001708200120005810000120007024500290008226000450011130000320015665000250018820240925135640.0240925b |||||||| |||| 00| 0 eng d a348 SOU lEnglish aThe Law of South Africa  aDurban: bButterworth Publishers, c1995 bxxiii, 678 pages; c26 cm.  aLegal practice bLaw